000 00566nam a22001817a 4500
003 DO-SdBNP
005 20221025142931.0
007 ta
008 221025b2010 dr c|||| |||| 00| 0 spa d
040 _aDO-SdBNP
_bspa
_cBNPHU
082 4 _222
245 0 0 _aXXXVIII premiación jóvenes sobresalientes de la República Dominicana :
_bJCI Jaycees 72
260 _aSanto Domingo :
_bOrganización de lideres jóvenes ciudadanos activos,
_c2010-2011.
300 _a36 p. :
_bretrs. ;
_c28 cm.
590 _aInventariado, 2022/BT
910 _aBtavárez
942 _2ddc
_cLBS1
999 _c52639
_d52639